000 00639nam a2200253Ia 4500
003 OSt
005 20221007110219.0
006 a|||||r|||| 00| 0
007 ta
008 221006b |||||||| |||| 00| 0 eng d
024 _a20,620
037 _cTextual
040 _aLCO
_cLCO
_beng
041 _2eng
_aeng
082 _aZ1, L0
100 _aRoy A.C
_9530967
245 0 _aInternational Relations Since 1919
250 _a3rd
260 _aCalcutta
_bWorld Press Private Ltd. India
_c1970
300 _a498
650 _aINTERNATIONAL RELATION
942 _hZ1, L0
_cTEXL
999 _c1190183
_d1190183